West Virginia Former and Current Municipalities - Statistics

General Stats
  • This quiz has been taken 16 times
  • The average score is 75 of 3375
Answer Stats
Municipality % Correct
Charleston
100%
Morgan
100%
Morgantown
100%
Charles Town
67%
Chester
67%
Clark
67%
Clarksburg
67%
Fayette
67%
Fayetteville
67%
Mound
67%
Moundsville
67%
Parkersburg
67%
Spencer
67%
St. Albans
67%
Vienna
67%
Weir
67%
Weirton
67%
Welch
67%
Wheeling
67%
Ansted
33%
Barrackville
33%
Beckley
33%
Belle
33%
Belmont
33%
Berkeley
33%
Berkeley Springs
33%
Bethlehem
33%
Blue
33%
Bluefield
33%
Bridgeport
33%
Buck
33%
Buckhannon
33%
Buffalo
33%
Cameron
33%
Campbells
33%
Cedar
33%
Cedar Grove
33%
Chapman
33%
Chapmanville
33%
Clay
33%
Clayton
33%
Clendenin
33%
Dan
33%
Danville
33%
Dunbar
33%
East
33%
Eleanor
33%
Elk
33%
Elkins
33%
Elkview
33%
Ellenboro
33%
Fairmont
33%
Flatwoods
33%
Frank
33%
Franklin
33%
Gassaway
33%
Glasgow
33%
Glen
33%
Glen Dale
33%
Glenville
33%
Grafton
33%
Grantsville
33%
Hamlin
33%
Hancock
33%
Harper
33%
Harpers Ferry
33%
Harrisville
33%
Hinton
33%
Huntington
33%
Hur
33%
Hurricane
33%
Jacksonville
33%
Kanawha
33%
Kenna
33%
Kenova
33%
Kent
33%
Key
33%
Keyser
33%
King
33%
Kingwood
33%
Lewisburg
33%
Logan
33%
Madison
33%
Malden
33%
Man
33%
Mand
33%
Marion
33%
Marlinton
33%
Mason
33%
Middlebourne
33%
Milton
33%
Mineralwells
33%
Mingo
33%
Mitchell
33%
Montgomery
33%
Moore
33%
Moorefield
33%
New Cumberland
33%
New Haven
33%
New Martinsville
33%
Nitro
33%
Oak
33%
Oak Hill
33%
Oceana
33%
Paden City
33%
Petersburg
33%
Pineville
33%
Poca
33%
Point Pleasant
33%
Preston
33%
Prince
33%
Princeton
33%
Rainelle
33%
Ramsey
33%
Rand
33%
Ravenswood
33%
Ripley
33%
Romney
33%
Salem
33%
Scott Depot
33%
Sissonville
33%
South Charleston
33%
Star City
33%
St. Marys
33%
Stonewood
33%
Sutton
33%
Teays
33%
Teays Valley
33%
The Y
33%
Union
33%
Walton
33%
Wayne
33%
Webster
33%
Webster Springs
33%
Wells
33%
Wellsburg
33%
West
33%
West Liberty
33%
Weston
33%
Westover
33%
West Union
33%
White Sulphur Springs
33%
William
33%
Williamson
33%
Williamstown
33%
Winfield
33%
Aarons
0%
Abbott
0%
Aberdeen
0%
Abney
0%
Accoville
0%
Ackerman
0%
Acme
0%
Ada
0%
Adaland
0%
Adaline
0%
Adam
0%
Adamsville
0%
Adlai
0%
Adma
0%
Admiral
0%
Adolph
0%
Adonijah
0%
Adonis
0%
Adrian
0%
Advent
0%
Affinity
0%
Afton
0%
Aggregates
0%
Agnew
0%
Ajax
0%
Akron
0%
Alaska
0%
Albright
0%
Alderson
0%
Alexander
0%
Algeria
0%
Algoma
0%
Alice
0%
Alkires Mills
0%
Alkol
0%
Allen
0%
Allendale
0%
Allen Junction
0%
Allensville
0%
Alley Grove
0%
Allingdale
0%
Allister
0%
Alloy
0%
Alpena
0%
Alpheus
0%
Alpine Lake
0%
Alpoca
0%
Alta
0%
Altizer
0%
Altman
0%
Alton
0%
Alum Bridge
0%
Alum Creek
0%
Alvon
0%
Alvord
0%
Amandaville
0%
Amboy
0%
Ambrosia
0%
Ameagle
0%
Amelia
0%
Ames
0%
Amherstdale
0%
Amherstdale-Robinette
0%
Amigo
0%
Amma
0%
Anawalt
0%
Andersonville
0%
Andrew
0%
Andy
0%
Angerona
0%
Anjean
0%
Anmoore
0%
Annamoriah
0%
Annfred
0%
Anthem
0%
Anthony
0%
Antioch
0%
Antler
0%
Apgah
0%
Aplin
0%
Apple Grove
0%
Aracoma
0%
Arbovale
0%
Arbuckle
0%
Archer
0%
Arcola
0%
Arde
0%
Ardel
0%
Arden
0%
Argyle
0%
Arista
0%
Arkansas
0%
Arlee
0%
Arlington
0%
Armilda
0%
Arnett
0%
Arnettsville
0%
Arnold
0%
Arnold Hill
0%
Arnoldsburg
0%
Arroyo
0%
Arthur
0%
Arthurdale
0%
Artie
0%
Arvilla
0%
Asbury
0%
Asco
0%
Ash
0%
Ashford
0%
Ashland
0%
Ashley
0%
Ashton
0%
Aspinall
0%
Assurance
0%
Astor
0%
Atenville
0%
Athens
0%
Atlantic Hill
0%
Atlas
0%
Atwell
0%
Auburn
0%
Audra
0%
Augusta
0%
Aurora
0%
Austen
0%
Auto
0%
Auvil
0%
Avoca
0%
Avondale
0%
Ayers
0%
Baber
0%
Bablin
0%
Bachman
0%
Backus
0%
Baden
0%
Baileysville
0%
Baisden
0%
Baker
0%
Baker Heights
0%
Baker Ridge
0%
Bakerton
0%
Balderson
0%
Baldwin
0%
Ballard
0%
Ballengee
0%
Banco
0%
Bancroft
0%
Bandytown
0%
Bane
0%
Bannen
0%
Barboursville
0%
Bardane
0%
Bargers Springs
0%
Barker
0%
Barksdale
0%
Barn
0%
Barnabus
0%
Barnes Mill
0%
Barnettown
0%
Barnum
0%
Barren Creek
0%
Barrett
0%
Bartley
0%
Bartow
0%
Basnettville
0%
Basore
0%
Bass
0%
Bath
0%
Battleship
0%
Baughman Settlement
0%
Baxter
0%
Bayard
0%
Baylor
0%
Bays
0%
Beale
0%
Bealls Mills
0%
Bean Settlement
0%
Beans Mill
0%
Beard
0%
Beard Heights
0%
Beards Fork
0%
Bear Mountain
0%
Beartown
0%
Beatrice
0%
Beatysville
0%
Beauty
0%
Beaver
0%
Beaverdam
0%
Bebee
0%
Becco
0%
Beckwith
0%
Bedington
0%
Beebe
0%
Beech
0%
Beech Bottom
0%
Beech Grove
0%
Beech Hill
0%
Beechwood
0%
Beelick Knob
0%
Beeson
0%
Behler
0%
Belgium
0%
Belgrove
0%
Belington
0%
Bellburn
0%
Belleville
0%
Bellton
0%
Bellwood
0%
Belo
0%
Belva
0%
Bemis
0%
Benbush
0%
Ben Dale
0%
Ben Lomond
0%
Bennett
0%
Bens Run
0%
Bentree
0%
Benwood
0%
Berea
0%
Bergoo
0%
Berlin
0%
Bernardstown
0%
Berryburg
0%
Berryville
0%
Bert
0%
Bertha
0%
Bertha Hill
0%
Berwind
0%
Beryl
0%
Besoco
0%
Bessemer
0%
Bethany
0%
Bethesda
0%
Betty Zane
0%
Beulah Hill
0%
Beury
0%
Beurytown
0%
Beverly
0%
Beverly Hills
0%
Bias
0%
Bickmore
0%
Big Battle
0%
Bigbend
0%
Big Chimney
0%
Big Creek
0%
Big Four
0%
Big Isaac
0%
Big Moses
0%
Big Otter
0%
Big Run
0%
Big Sandy
0%
Big Springs
0%
Big Stick
0%
Billings
0%
Bim
0%
Bingamon
0%
Bingham
0%
Binola
0%
Birch River
0%
Birchton
0%
Bishop, Virginia and West Virginia
0%
Bismarck
0%
Bison
0%
Black
0%
Blackberry City
0%
Black Betsy
0%
Black Bottom
0%
Blackhawk
0%
Blacksville
0%
Black Wolf
0%
Blaine
0%
Blair
0%
Blairton
0%
Blakeley
0%
Blaker Mills
0%
Blandville
0%
Blennerhassett
0%
Blocton
0%
Bloomery
0%
Bloomingrose
0%
Blount
0%
Blue Bend
0%
Blue Creek
0%
Blue Jay
0%
Blue Jay 6
0%
Blue Pennant
0%
Blues Beach
0%
Blue Spring
0%
Bluestone
0%
Blue Sulphur Springs
0%
Blueville
0%
Bluewell
0%
Blundon
0%
Boaz
0%
Boggs
0%
Bois
0%
Bolair
0%
Bolin
0%
Bolivar
0%
Bolt
0%
Bomont
0%
Bonnie
0%
Bonnivale
0%
Booger Hole
0%
Booher
0%
Boomer
0%
Boone
0%
Boonesborough
0%
Booth
0%
Boothsville
0%
Booton
0%
Borderland
0%
Boreman
0%
Borgman
0%
Borland
0%
Bottom Creek
0%
Boulder
0%
Bowden
0%
Bowen
0%
Bowes
0%
Bowlby
0%
Bowlin
0%
Boyer
0%
Bozoo
0%
Brabant
0%
Braden
0%
Bradley
0%
Bradshaw
0%
Brady Gate
0%
Bradyville
0%
Braeholm
0%
Bragg
0%
Brake
0%
Bramwell
0%
Branchland
0%
Brandonville
0%
Brandywine
0%
Brantville
0%
Braucher
0%
Braxton
0%
Bream
0%
Breece
0%
Breeden
0%
Brenton
0%
Bretz
0%
Brewer Hill
0%
Brewsterdale
0%
Bright
0%
Brink
0%
Briscoe
0%
Bristol
0%
Brittain
0%
Brohard
0%
Brookhaven
0%
Brooklin
0%
Brooklyn
0%
Brooks
0%
Brookside
0%
Brounland
0%
Brown
0%
Browning
0%
Brownlow
0%
Brownsburg
0%
Browns Chapel
0%
Browns Mill
0%
Brownstown
0%
Brownsville
0%
Brownton
0%
Bruce
0%
Bruceton Mills
0%
Bruno
0%
Brush Creek
0%
Brush Fork
0%
Brushton
0%
Brushy Run
0%
Bruxton
0%
Bryce
0%
Brydon
0%
Bubbling Spring
0%
Buckeye
0%
Bud
0%
Buffalo Creek
0%
Buffalo Lick
0%
Bula
0%
Bulger
0%
Bull Run
0%
Bunker Hill
0%
Burch
0%
Burchfield
0%
Burdette
0%
Burlington
0%
Burner
0%
Burning Springs
0%
Burnsides
0%
Burnsville
0%
Burnt Factory
0%
Burnt House
0%
Burnwell
0%
Burr
0%
Burton
0%
Butchersville
0%
Cabin Creek
0%
Cabins
0%
Cabot Station
0%
Cairo
0%
Calcutta
0%
Caldwell
0%
Calhoun
0%
Calico
0%
California
0%
Calis
0%
Calvin
0%
Cambria
0%
Camden
0%
Camden-on-Gauley
0%
Cameo
0%
Campbelltown
0%
Camp Creek
0%
Campus
0%
Canaan
0%
Canaan Heights
0%
Canebrake
0%
Canfield
0%
Cannelton
0%
Canterbury
0%
Canton
0%
Cantwell
0%
Canyon
0%
Capehart
0%
Capels
0%
Caperton
0%
Capon Bridge
0%
Capon Lake
0%
Capon Springs
0%
Capon Springs Station
0%
Captina
0%
Carbide
0%
Carbon
0%
Carbondale
0%
Caress
0%
Caretta
0%
Carew
0%
Carl
0%
Carlisle
0%
Carlos
0%
Carmel
0%
Carney
0%
Carolina
0%
Carpendale
0%
Carrollton
0%
Carswell
0%
Carter
0%
Carver
0%
Cascade
0%
Cashers Hill
0%
Cashmere
0%
Cass
0%
Cassity
0%
Cassville
0%
Catawba
0%
Cave
0%
Cecil
0%
Cedarville
0%
Centennial
0%
Center Point
0%
Centerville
0%
Central
0%
Centralia
0%
Central Station
0%
Century
0%
Century Junction
0%
Ceredo
0%
Ceres
0%
Chaffee
0%
Chambers
0%
Champwood
0%
Chapel
0%
Chaplin
0%
Charlton Heights
0%
Charmco
0%
Chattaroy
0%
Chauncey
0%
Cheat Bridge
0%
Cheat Lake
0%
Cheat Neck
0%
Chelyan
0%
Cherokee
0%
Cherry
0%
Cherry Falls
0%
Cherry Grove
0%
Cherry Run
0%
Chesapeake
0%
Chesterville
0%
Chestnut Hill
0%
Chestnut Knob
0%
Chestnut Ridge
0%
Chevaux De Frise
0%
Cheyenne Valley
0%
Childs
0%
Chimney Corner
0%
Chloe
0%
Christian
0%
Churchville
0%
Cicerone
0%
Cinco
0%
Cinderella
0%
Circle View
0%
Circleville
0%
Cirtsville
0%
Cisco
0%
Claremont
0%
Claude
0%
Clawson
0%
Clay Junction
0%
Claypool
0%
Claysville
0%
Clearco
0%
Clear Creek
0%
Clear Fork
0%
Clear Fork Junction
0%
Clearview
0%
Clem
0%
Clements
0%
Clemtown
0%
Clendenenville
0%
Cleveland
0%
Clifftop
0%
Clifton
0%
Clifton Mills
0%
Clifty
0%
Clinton
0%
Clinton Furnace
0%
Clintonville
0%
Clio
0%
Clothier
0%
Clouston
0%
Clover
0%
Cloverdale
0%
Clover Lick
0%
Cluster
0%
Coal
0%
Coalburg
0%
Coal City
0%
Coaldale
0%
Coalfield
0%
Coal Fork
0%
Coalgate
0%
Coal Mountain
0%
Coalridge
0%
Coal Valley
0%
Coalwood
0%
Cobb
0%
Coburn
0%
Coco
0%
Coe
0%
Cokeleys
0%
Coketon
0%
Coketown
0%
Colcord
0%
Cold Stream
0%
Coldwater
0%
Colebank
0%
Coleman
0%
Colfax
0%
Colliers
0%
Collinsdale
0%
Columbia
0%
Combs Addition
0%
Comfort
0%
Conaway
0%
Concho
0%
Concord
0%
Condee
0%
Confidence
0%
Congo
0%
Cool Ridge
0%
Coopertown
0%
Copen
0%
Copenhaver
0%
Copley
0%
Cora
0%
Corbin
0%
Cordova
0%
Core
0%
Corinne
0%
Corinth
0%
Corley
0%
Corliss
0%
Cornstalk
0%
Cornwallis
0%
Cortland
0%
Corton
0%
Cottageville
0%
Cottle
0%
Cotton
0%
Cotton Hill
0%
Couch
0%
Countsville
0%
Cove Gap
0%
Covel
0%
Cove Run
0%
Cowen
0%
Coxs Mills
0%
Cox Town
0%
Crab Orchard
0%
Craddock
0%
Crag
0%
Craigsville
0%
Cranberry
0%
Craneco
0%
Cranesville
0%
Crany
0%
Crawford
0%
Crawley
0%
Creamery
0%
Crede
0%
Creekvale
0%
Creels
0%
Cremo
0%
Cresap
0%
Crescent
0%
Creston
0%
Crichton
0%
Crickmer
0%
Crimson Springs
0%
Crisp
0%
Crites
0%
Crockett
0%
Crooked Creek
0%
Cross
0%
Cross Lanes
0%
Crossroads
0%
Crow
0%
Crown
0%
Crown Hill
0%
Crow Summit
0%
Crum
0%
Crumpler
0%
Crumps Bottom
0%
Crystal
0%
Crystal Block
0%
Crystal Springs
0%
Cuba
0%
Cubana
0%
Cub City
0%
Cucumber
0%
Culloden
0%
Cunard
0%
Cunningham
0%
Curtin
0%
Cutlips
0%
Cuzzart
0%
Cuzzie
0%
Cyclone
0%
Cyrus
0%
Czar
0%
Dabney
0%
Dahmer
0%
Dailey
0%
Daisy
0%
Dale
0%
Dallas
0%
Dallison
0%
Dameron
0%
Danese
0%
Daniels
0%
Dans Run
0%
Danstown
0%
Dantown
0%
Darkesville
0%
Dartmont
0%
Dartmoor
0%
Davin
0%
Davis
0%
Davis Creek
0%
Davis Ford
0%
Davisville
0%
Davy
0%
Dawes
0%
Dawmont
0%
Dawson
0%
Daybrook
0%
Daysville
0%
Deanville
0%
Decota
0%
Deep Water
0%
Deer Creek
0%
Deerlick
0%
Deer Run
0%
Deerwalk
0%
Defoe
0%
Dehue
0%
Deitz
0%
De Kalb
0%
Delaney
0%
Delbarton
0%
Dellslow
0%
Delmar
0%
DeLong
0%
Delorme
0%
Delray
0%
Dempsey
0%
Denmar
0%
Dennis
0%
Dent
0%
Denver
0%
Denver Heights
0%
Depue
0%
Despard
0%
Devon
0%
Dixie
0%
Duffy
0%
Dugout
0%
Duhring
0%
Duncan
0%
Dundon
0%
Dungriff
0%
Dunloup
0%
Dunlow
0%
Dunmore
0%
Dunns
0%
Duo
0%
Dupont City
0%
Durbin
0%
Durgon
0%
Dusk
0%
Dutch
0%
Dutchman
0%
Dutch Town
0%
Eads Mill
0%
Eagle
0%
Eakle
0%
Earling
0%
Earnshaw
0%
Easly
0%
East Bank
0%
East Beckley
0%
East Dailey
0%
Eastgulf
0%
East Kingston
0%
East Lynn
0%
East Nitro
0%
Easton
0%
East Salem
0%
East Side
0%
East Steubenville
0%
Eaton
0%
Eby
0%
Eccles
0%
Echo
0%
Eckman
0%
Eden
0%
Eden Park
0%
Edgar
0%
Edgewood
0%
Edison
0%
Edith
0%
Edmond
0%
Edna
0%
Edray
0%
Edwight
0%
Effie
0%
Egeria
0%
Eggleton
0%
Eglon
0%
Egypt
0%
Eight
0%
Elana
0%
Elgood
0%
Eli
0%
Elizabeth
0%
Elk City
0%
Elk Forest
0%
Elk Garden
0%
Elk Hills
0%
Elkhorn
0%
Elkhurst
0%
Elkins Junction
0%
Elkridge
0%
Elk Run Junction
0%
Elkwater
0%
Ellamore
0%
Elliotsville
0%
Ellison
0%
Ellison Ridge
0%
Elm Grove
0%
Elmhurst
0%
Elmira
0%
Elmwood
0%
Elton
0%
Elverton
0%
Emerson
0%
Emma
0%
Emmart
0%
Emmett
0%
Emmons
0%
Emoryville
0%
Engle
0%
English
0%
Ennis
0%
Enoch
0%
Enon
0%
Enterprise
0%
Entry
0%
Ephram
0%
Epperly
0%
Erbacon
0%
Erin
0%
Erskine
0%
Eskdale
0%
Estar
0%
Esty
0%
Etam
0%
Ethel
0%
Etowah
0%
Euclid
0%
Eunice
0%
Eureka
0%
Eva
0%
Evans
0%
Evansville
0%
Evelyn
0%
Evenwood
0%
Everett
0%
Everettville
0%
Evergreen
0%
Evergreen Hills
0%
Excelsior
0%
Exchange
0%
Export
0%
Extra
0%
Eye
0%
Fabius
0%
Fairdale
0%
Fairfax
0%
Fairhaven
0%
Fairlea
0%
Fairplain
0%
Fairview
0%
Falling Rock
0%
Falling Spring
0%
Falling Waters
0%
Falls
0%
Falls Mill
0%
Falls View
0%
Fame
0%
Fanco
0%
Fanlight
0%
Fanny
0%
Fanrock
0%
Far
0%
Faraday
0%
Farley
0%
Farmdale
0%
Farmington
0%
Faulkner
0%
Federal
0%
Fellowsville
0%
Fenwick
0%
Ferguson
0%
Fern
0%
Ferrell
0%
Ferrellsburg
0%
Fetterman
0%
Fieldcrest
0%
Files Crossroad
0%
Fink
0%
Finlow
0%
Fireco
0%
Fire Creek
0%
Fisher
0%
Fitzpatrick
0%
Five Block
0%
Five Forks
0%
Fivemile
0%
Five Points
0%
Flaggy Meadow
0%
Flatfork
0%
Flats
0%
Flat Top
0%
Fleming
0%
Flemington
0%
Fletcher
0%
Flinderation
0%
Flinn
0%
Flint
0%
Flipping
0%
Floe
0%
Flora
0%
Flower
0%
Flyblow
0%
Foch
0%
Fola
0%
Follansbee
0%
Folsom
0%
Fonzo
0%
Forest Hill
0%
Forest Hills
0%
Forge Hill
0%
Fork Junction
0%
Forksburg
0%
Forks of Cacapon
0%
Forks of Coal
0%
Forman
0%
Fort Ashby
0%
Fort Branch
0%
Fort Donnally
0%
Fort Gay
0%
Fort Grand
0%
Fort Hill
0%
Fort Martin
0%
Fort Run
0%
Fort Seybert
0%
Fort Spring
0%
Foster
0%
Foster Chapel
0%
Fosterville
0%
Fountain
0%
Fountain Spring
0%
Four Mile
0%
Four States
0%
Fourteen
0%
Fowlerstown
0%
Fox Hall
0%
Frame
0%
Frametown
0%
Frankford
0%
Franklintown
0%
Frazier
0%
Fraziers Bottom
0%
Freed
0%
Freeman
0%
Freemansburg
0%
Freeport
0%
Freeze Fork
0%
Frenchburg
0%
French Creek
0%
Frenchton
0%
Frew
0%
Friars Hill
0%
Friendly
0%
Friendly View
0%
Frogtown
0%
Frost
0%
Frozencamp
0%
Fry
0%
Fudges Creek
0%
Fuquay
0%
Furnace
0%
Gad
0%
Gage
0%
Gaines
0%
Gale
0%
Gallagher
0%
Gallipolis Ferry
0%
Galloway
0%
Galmish
0%
Gamoca
0%
Gandeeville
0%
Ganotown
0%
Gap Mills
0%
Gardner
0%
Gardner Junction
0%
Garfield
0%
Garland
0%
Garretts Bend
0%
Garrison
0%
Gary
0%
Gaston
0%
Gates
0%
Gatewood
0%
Gatzmer
0%
Gauley Bridge
0%
Gauley Mills
0%
Gay
0%
Gaymont
0%
Gazil
0%
Gem
0%
Genoa
0%
Georgetown
0%
Gerrardstown
0%
Gerstell
0%
Ghent
0%
Giatto
0%
Gilbert
0%
Gilbert Creek
0%
Gilboa
0%
Giles
0%
Gilkerson
0%
Gill
0%
Gilliam
0%
Gillman Bottom
0%
Gillooly
0%
Gilmer
0%
Gip
0%
Girard
0%
Girta
0%
Given
0%
Glace
0%
Glade
0%
Glade Farms
0%
Gladesville
0%
Gladwin
0%
Glady
0%
Gleason
0%
Glebe
0%
Glen Alum
0%
Glen Daniel
0%
Glendon
0%
Glen Easton
0%
Glen Falls
0%
Glen Ferris
0%
Glen Fork
0%
Glengary
0%
Glenhayes
0%
Glen Jean
0%
Glen Morgan
0%
Glenray
0%
Glen Rogers
0%
Glen White
0%
Glenwood
0%
Glover
0%
Godby Heights
0%
Godfrey
0%
Goffs
0%
Golden
0%
Goldtown
0%
Good
0%
Goodhope
0%
Goodman
0%
Goodwill
0%
Goodwin
0%
Goose Nest
0%
Gordon
0%
Gormania
0%
Gormley
0%
Goshen
0%
Gould
0%
Grace
0%
Graham Station
0%
Grandview
0%
Grant Town
0%
Granville
0%
Grape Island
0%
Grassy Meadows
0%
Graux
0%
Grayden
0%
Grays Flat
0%
Great Cacapon
0%
Green Bank
0%
Greencastle
0%
Green Hill
0%
Greenland
0%
Green Ridge
0%
Green Run
0%
Greensburg
0%
Green Spring
0%
Greenstown
0%
Green Sulphur Springs
0%
Green Valley
0%
Greenview
0%
Greenville
0%
Greenwood
0%
Greer
0%
Greggsville
0%
Greyeagle
0%
Greystone
0%
Griffith Creek
0%
Grimms Landing
0%
Grippe
0%
Grove
0%
Grubbs Corner
0%
Guardian
0%
Gum Spring
0%
Gunville
0%
Guseman
0%
Guthrie
0%
Guyan Terrace
0%
Gypsy
0%
Hacker Valley
0%
Hagans
0%
Hager
0%
Hainesville
0%
Halcyon
0%
Half Way
0%
Hall
0%
Halleck
0%
Hall Station
0%
Halltown
0%
Halo
0%
Hambleton
0%
Hamilton
0%
Hamlet
0%
Hampden
0%
Hampshire
0%
Hampton
0%
Handley
0%
Hanging Rock
0%
Hanna
0%
Hannahsville
0%
Hanover
0%
Hansford
0%
Hansrote
0%
Harding
0%
Hardman
0%
Hardy
0%
Harewood
0%
Harman
0%
Harmony
0%
Harmony Grove
0%
Harrison
0%
Harter
0%
Hartford City
0%
Hartland
0%
Hartmansville
0%
Harts
0%
Harvey
0%
Hastings
0%
Hatcher
0%
Hathaway
0%
Hattie
0%
Havaco
0%
Havana
0%
Haywood
0%
Hazel
0%
Hazelgreen
0%
Hazelton
0%
Hazelwood
0%
Headsville
0%
Heaters
0%
Heatherman
0%
Heavener Grove
0%
Hebron
0%
Hedgesville
0%
Hedgeview
0%
Helen
0%
Helvetia
0%
Hemlock
0%
Hemphill
0%
Henderson
0%
Hendricks
0%
Henlawson
0%
Henning
0%
Henrietta
0%
Henry
0%
Hensley
0%
Hepzibah
0%
Hereford
0%
Hernshaw
0%
Herold
0%
Herring
0%
Hetzel
0%
Hewett
0%
Hiawatha
0%
Hickory Grove
0%
Hico
0%
Hicumbottom
0%
Hidden Valley
0%
Higginsville
0%
High Coal
0%
Highland
0%
Highlawn
0%
High View
0%
Hilbert
0%
Hilderbrand
0%
Hillcrest
0%
Hilldale
0%
Hillsboro
0%
Hillsdale
0%
Hill Top
0%
Hilltop
0%
Hilton Village
0%
Hinch
0%
Hines
0%
Hinkleville
0%
Hiorra
0%
Hiram
0%
Hiser
0%
Hitop
0%
Hix
0%
Hoard
0%
Hodam
0%
Hodges
0%
Hodgesville
0%
Hog Eye
0%
Hogsett
0%
Holbrook
0%
Holcomb
0%
Holden
0%
Holly
0%
Holly Grove
0%
Hollygrove
0%
Hollyhurst
0%
Holly Meadows
0%
Hollywood
0%
Holman
0%
Holton
0%
Home
0%
Hometown
0%
Homewood
0%
Hominy Falls
0%
Honeydew
0%
Hoohoo
0%
Hookersville
0%
Hooks Mills
0%
Hooverson Heights
0%
Hoover Town
0%
Hopemont
0%
Hopeville
0%
Hopewell
0%
Hopkins Fork
0%
Hopper
0%
Horner
0%
Horse Creek Junction
0%
Horseneck
0%
Horsepen
0%
Horse Shoe Run
0%
Horton
0%
Hosterman
0%
Hotchkiss
0%
Hot Coal
0%
Hovatter
0%
Howesville
0%
Hoy
0%
Hoyt
0%
Hubball
0%
Hubbardstown
0%
Huff Junction
0%
Huffman
0%
Hughart
0%
Hugheston
0%
Hugo
0%
Hull
0%
Humphrey
0%
Hundred
0%
Huntersville
0%
Hunting Hills
0%
Hurst
0%
Hutchinson
0%
Huttonsville
0%
Hyers
0%
Iaeger
0%
Idamay
0%
Ikes Fork
0%
Imperial
0%
Independence
0%
Index
0%
Indian
0%
Indian Meadows
0%
Indian Mills
0%
Indore
0%
Industrial
0%
Inez
0%
Ingleside
0%
Ingo
0%
Ingram Branch
0%
Inkerman
0%
Institute
0%
Intermont
0%
Inwood
0%
Ireland
0%
Irene
0%
Iris
0%
Iroquois
0%
Isaban
0%
Island Branch
0%
Isom
0%
Itmann
0%
Iuka
0%
Ivan
0%
Ivy
0%
Ivydale
0%
Jacksonburg
0%
Jackson Flats
0%
Jaco
0%
Jacobs Fork
0%
Jacox
0%
Jakes Run
0%
Jamestown
0%
Jane Lew
0%
Janie
0%
Jap
0%
Jarrett
0%
Jarretts Ford
0%
Jarrolds Valley
0%
Jarvisville
0%
Jed
0%
Jefferson
0%
Jeffrey
0%
Jenkinjones
0%
Jenks
0%
Jenky
0%
Jenningston
0%
Jenny Gap
0%
Jere
0%
Jericho
0%
Jerome
0%
Jerrys Run
0%
Jerryville
0%
Jesse
0%
Jimtown
0%
Jingo
0%
Job
0%
Jodie
0%
Joes Creek
0%
Joetown
0%
Johnnycake
0%
Johnson
0%
Johnson Crossroads
0%
Johnsons Mill
0%
Johnsontown
0%
Johnston Town
0%
Johnstown
0%
Joker
0%
Jolo
0%
Jonben
0%
Jones
0%
Jones Crossing
0%
Jones Springs
0%
Joplin
0%
Joppa
0%
Jordan
0%
Jordan Run
0%
Josephine
0%
Josephs Mills
0%
Joy
0%
Judson
0%
Judy Gap
0%
Julia
0%
Julian
0%
Jumbo
0%
Jumping Branch
0%
Junction
0%
Junior
0%
Justice
0%
Justice Addition
0%
Kabletown
0%
Kalamazoo
0%
Kale
0%
Kanawha Falls
0%
Kanawha Head
0%
Kasson
0%
Katy
0%
Katy Lick
0%
Kausooth
0%
Kayford
0%
Kearneysville
0%
Kedron
0%
Keenan
0%
Keeneys Creek
0%
Keister
0%
Keith
0%
Kelly
0%
Kelly Hill
0%
Kellysville
0%
Kendalia
0%
Kennison
0%
Kentuck
0%
Kerens
0%
Kermit
0%
Keslers Cross Lanes
0%
Kesling Mill
0%
Kessel
0%
Kessler
0%
Kester
0%
Ketterman
0%
Kettle
0%
Keymont
0%
Key Rock
0%
Keystone
0%
Kiahsville
0%
Kidtown
0%
Kidwell
0%
Kieffer
0%
Killarney
0%
Kilsyth
0%
Kimball
0%
Kimberly
0%
Kincaid
0%
Kincheloe
0%
Kinder
0%
Kingbury
0%
Kingmont
0%
Kings Creek
0%
Kingston
0%
Kirby
0%
Kirbyton
0%
Kirk
0%
Kirkwood
0%
Kirt
0%
Kistler
0%
Kitchen
0%
Kitsonville
0%
Kline
0%
Kline Gap
0%
Klondike
0%
Knapp
0%
Knob Fork
0%
Knobmount
0%
Knobs
0%
Knottsville
0%
Knoxville
0%
Kodol
0%
Kohlsaat
0%
Kopperston
0%
Kovan
0%
Krollitz
0%
Kuntzville
0%
Kyle
0%
Lacoma
0%
Lahmansville
0%
Laing
0%
Lake
0%
Lake Shawnee
0%
Lakin
0%
Lamar
0%
Lamberton
0%
Lanark
0%
Landes
0%
Landgraff
0%
Landisburg
0%
Lando Mines
0%
Landville
0%
Laneville
0%
Lanham
0%
Lansing
0%
Lanta
0%
Lantz
0%
Largent
0%
Larkmead
0%
Lashmeet
0%
Latrobe
0%
Lattimer
0%
Lattin
0%
Lauckport
0%
Laurel
0%
Laurel Branch
0%
Laurel Creek
0%
Laurel Dale
0%
Laurel Fork
0%
Laurel Junction
0%
Laurel Point
0%
Lavalette
0%
Lawford
0%
Lawn
0%
Lawrenceville
0%
Lawton
0%
Layland
0%
Leachtown
0%
Lead Mine
0%
Leander
0%
Leaning Oak
0%
Leatherbark
0%
Leckie
0%
Lee
0%
Lee Bell
0%
Lee Creek
0%
Leet
0%
Leetown
0%
Leevale
0%
Leewood
0%
Left Hand
0%
Legg
0%
Lego
0%
Lehew
0%
Lehigh
0%
Leivasy
0%
Lennyville
0%
Lenore
0%
Lenox
0%
Leon
0%
Leonard
0%
Leopold
0%
Lerona
0%
LeRoy
0%
Lesage
0%
Leslie
0%
Lesmalinston
0%
Lester
0%
Let
0%
Letart
0%
Letch
0%
Letter Gap
0%
Levels
0%
Lex
0%
Liberty
0%
Liberty Hill
0%
Lick Creek
0%
Lick Fork
0%
Lico
0%
Lightburn
0%
Lila
0%
Lile
0%
Lillian
0%
Lillybrook
0%
Lillydale
0%
Lilly Grove
0%
Lillyhaven
0%
Lilly Park
0%
Limestone
0%
Lincoln
0%
Linden
0%
Lindside
0%
Lindytown
0%
Lineburg
0%
Link
0%
Linn
0%
Lintz Addition
0%
Linwood
0%
Little
0%
Little Birch
0%
Little Cacapon
0%
Little Falls
0%
Little Georgetown
0%
Little Italy
0%
Little Otter
0%
Little Sandy
0%
Littlesburg
0%
Littleton
0%
Little Wildcat
0%
Litwar
0%
Lively
0%
Liverpool
0%
Livingston
0%
Lizemores
0%
Lobata
0%
Lobelia
0%
Location
0%
Lochgelly
0%
Lockbridge
0%
Lockhart
0%
Lockney
0%
Lockwood
0%
Locust
0%
Loda
0%
Logan Heights
0%
Logansport
0%
Logrow
0%
London
0%
Lone Cedar
0%
Long Branch
0%
Longpole
0%
Long Reach
0%
Long Run
0%
Longview
0%
Lookout
0%
Loom
0%
Looneyville
0%
Loop
0%
Loopemount
0%
Lorado
0%
Lorentz
0%
Lorton Lick
0%
Los Anglin
0%
Losie
0%
Lost City
0%
Lost Creek
0%
Lost River
0%
Loudendale
0%
Louise
0%
Louther
0%
Loveridge
0%
Lovern
0%
Lowdell
0%
Lowell
0%
Lower Belle
0%
Lower Falls
0%
Low Gap
0%
Lowney
0%
Lowsville
0%
Lubeck
0%
Lucas
0%
Lucerne
0%
Lucile
0%
Lucky
0%
Lucretia
0%
Lumber
0%
Lumberport
0%
Lundale
0%
Luzon
0%
Lyburn
0%
Lynco
0%
Lynn
0%
Lynn Camp
0%
Lynwinn
0%
Lytton
0%
Maben
0%
Mabie
0%
Mabscott
0%
MacArthur
0%
Macdale
0%
MacDonald
0%
Mace
0%
Macfarlan
0%
Mackeyville
0%
Macksville
0%
Macomber
0%
Madeline
0%
Maggie
0%
Magnolia
0%
Mahan
0%
Maher
0%
Mahone
0%
Maidsville
0%
Maitland
0%
Majorsville
0%
Maken
0%
Mallory
0%
Mammoth
0%
Mandeville
0%
Manganese
0%
Manila
0%
Mannings
0%
Mannington
0%
Manown
0%
Mansfield
0%
Maple
0%
Maple Acre
0%
Mapledale
0%
Maple Fork
0%
Maple Meadow
0%
Maple Run
0%
Maple View
0%
Maplewood
0%
Marfork
0%
Marfrance
0%
Marianna
0%
Marie
0%
Marine
0%
Markwood
0%
Marland Heights
0%
Marlowe
0%
Marmet
0%
Marne
0%
Marnie
0%
Marquess
0%
Marrtown
0%
Marshall
0%
Marshville
0%
Marthatown
0%
Martin
0%
Marting
0%
Martinsburg
0%
Marvel
0%
Marytown
0%
Masontown
0%
Masonville
0%
Masseyville
0%
Matewan
0%
Matheny
0%
Mathias
0%
Matoaka
0%
Matville
0%
Maud
0%
Maxine
0%
Maxwelton
0%
May
0%
Maybeury
0%
Maynor
0%
Maysel
0%
Maysville
0%
Mayton
0%
Maywood
0%
McAlpin
0%
McCauley
0%
McClain
0%
McComas
0%
McConnell
0%
McCreery
0%
McCuetown
0%
McCurdyville
0%
McDowell
0%
McDunn
0%
McGee
0%
McGlone
0%
McGraws
0%
McGuire Park
0%
McKeefrey
0%
McKendree
0%
McKim
0%
McLean
0%
McMechen
0%
McMellin
0%
McNeill
0%
McNutt
0%
McRoss
0%
McWhorter
0%
Mead
0%
Meadland
0%
Meador
0%
Meadow Bluff
0%
Meadow Bridge
0%
Meadowbrook
0%
Meadow Creek
0%
Meadowdale
0%
Meadow Fork
0%
Meadowville
0%
Mechanicsburg
0%
Mechanicstown
0%
Mechlenberg Heights
0%
Medina
0%
Medley
0%
Medo
0%
Meeker
0%
Melissa
0%
Melrose
0%
Melville
0%
Mentor
0%
Mercers Bottom
0%
Meriden
0%
Merrimac
0%
Metalton
0%
Metz
0%
Meyerstown
0%
Miami
0%
Micajah
0%
Micco
0%
Michigan
0%
Middle Fork
0%
Middle Point
0%
Middleway
0%
Midkiff
0%
Midvale
0%
Midway
0%
Mifflin
0%
Milam
0%
Milburn
0%
Miles
0%
Miletus
0%
Millbrook
0%
Mill Creek
0%
Millen
0%
Millertown
0%
Millesons Mill
0%
Milliken
0%
Mill Point
0%
Millsboro
0%
Millstone
0%
Milltown
0%
Millville
0%
Millwood
0%
Milo
0%
Mincar
0%
Minden
0%
Mineral City
0%
Mineral Springs
0%
Minerva
0%
Mink Shoals
0%
Minnehaha Springs
0%
Minnie
0%
Minnora
0%
Miracle Run
0%
Missouri Branch
0%
Mitchell Heights
0%
Moatstown
0%
Moatsville
0%
Mobley
0%
Modoc
0%
Mohawk
0%
Mohegan
0%
Monarch
0%
Monaville
0%
Monclo
0%
Monitor
0%
Monkeytown
0%
Monongah
0%
Monson
0%
Montana
0%
Montana Mines
0%
Montcalm
0%
Montcoal
0%
Montecarlo
0%
Monterville
0%
Montes
0%
Montgomery Heights
0%
Montrose
0%
Mooresville
0%
Morgan Heights
0%
Morgans Landing
0%
Morgansville
0%
Morlunda
0%
Morning Star
0%
Morocco
0%
Morris
0%
Morristown
0%
Morrisvale
0%
Moscow
0%
Moss
0%
Mossy
0%
Mountain
0%
Mountain Home
0%
Mountain Mission
0%
Mountain View
0%
Mount Alto
0%
Mount Carbon
0%
Mount Carmel
0%
Mount Clare
0%
Mount Echo
0%
Mount Gay-Shamrock
0%
Mount Hope
0%
Mount Liberty
0%
Mount Lookout
0%
Mount Moriah
0%
Mount Nebo
0%
Mount Olive
0%
Mount Olivet
0%
Mount Storm
0%
Mount Tell
0%
Mount Trimble
0%
Mount Vernon
0%
Mountview
0%
Mount Zion
0%
Moyers
0%
Mozart
0%
Mozelle
0%
Mozer
0%
Mud
0%
Muddlety
0%
Mudfork
0%
Mullens
0%
Mullensville
0%
Mulvane
0%
Munday
0%
Murphy
0%
Murphytown
0%
Murray
0%
Murraysville
0%
Muses Bottom
0%
Musick
0%
Myra
0%
Myrtle
0%
Nallen
0%
Nancy Run
0%
Naoma
0%
Napier
0%
Nat
0%
National
0%
Natrium
0%
Naugatuck
0%
Neal
0%
Neals Run
0%
Nebo
0%
Needmore
0%
Neibert
0%
Nelson
0%
Nemours
0%
Neola
0%
Neponset
0%
Neptune
0%
Nero
0%
Nesselroad
0%
Nestlow
0%
Nestorville
0%
Nethkin
0%
Nettie
0%
Newark
0%
Newberne
0%
Newburg
0%
New Creek
0%
Newell
0%
New England
0%
New Era
0%
Newhall
0%
New Hill
0%
New Hope
0%
Newlandsville
0%
Newlonton
0%
Newlyn
0%
New Manchester
0%
New Milton
0%
Newport
0%
New Richmond
0%
New Thacker
0%
Newtown
0%
Newville
0%
Nickells Mill
0%
Nicolette
0%
Nicut
0%
Nida
0%
Nimitz
0%
Nina
0%
Nipetown
0%
Nobe
0%
Nolan
0%
Nollville
0%
Normantown
0%
North Bend
0%
North Berkeley
0%
North Caldwell
0%
Northfork
0%
North Hills
0%
North Matewan
0%
North Mountain
0%
North Page
0%
North River Mills
0%
North Spring
0%
Norton
0%
Norvelle
0%
Noswad
0%
Notomine
0%
Nottingham
0%
Nuckolls
0%
Nuriva
0%
Nuttallburg
0%
Nutter Fort
0%
Nutterville
0%
Nuzums
0%
Nye
0%
Oak Flat
0%
Oak Grove
0%
Oakland
0%
Oakmont
0%
Oak Ridge
0%
Oakvale
0%
Oakview Heights
0%
O'Brien
0%
O'Brion
0%
Odaville
0%
Odd
0%
Odell Town
0%
Odessa
0%
Ogden
0%
Ohley
0%
Oilville
0%
Oka
0%
Okonoko
0%
Olcott
0%
Old Arthur
0%
Old Fields
0%
Old Gauley
0%
Olive
0%
Omar
0%
Omps
0%
Ona
0%
Onego
0%
Onie
0%
Onoto
0%
Opekiska
0%
Oral Lake
0%
Oreide
0%
Organ Cave
0%
Orgas
0%
Orient Hill
0%
Orlando
0%
Orleans Cross Roads
0%
Orma
0%
Orndoff
0%
Orr
0%
Ortin Heights
0%
Orton
0%
Orville
0%
Osage
0%
Osbornes Mills
0%
Oscar
0%
Osceola
0%
Osgood
0%
Ossia
0%
Oswald
0%
Otsego
0%
Ottawa
0%
Otto
0%
Ovapa
0%
Overfield
0%
Overhill
0%
Oxford
0%
Packs Branch
0%
Packsville
0%
Page
0%
Pageton
0%
Palace Valley
0%
Palermo
0%
Palestine
0%
Pancake
0%
Pansy
0%
Panther
0%
Paradise
0%
Parchment Valley
0%
Parcoal
0%
Pardee
0%
Park View
0%
Parsley
0%
Parsons
0%
Patsey
0%
Patterson Creek
0%
Patton
0%
Paw Paw
0%
Pax
0%
Paxton
0%
Paynesville
0%
Peach Creek
0%
Peachtree
0%
Peapatch
0%
Pear
0%
Pea Ridge
0%
Pearlytown
0%
Pecks Mill
0%
Pedlar
0%
Pedro
0%
Peeltree
0%
Peewee
0%
Pemberton
0%
Pence Springs
0%
Peniel
0%
Pennbrook
0%
Pennsboro
0%
Pentacre
0%
Pentress
0%
Peora
0%
Pepper
0%
Perkins
0%
Perlytown
0%
Perry
0%
Persinger
0%
Peru
0%
Peterstown
0%
Petroleum
0%
Pettry
0%
Pettry Bottom
0%
Pettus
0%
Pettyjohn
0%
Pettyville
0%
Pew Hill
0%
Peytona
0%
Phico
0%
Philippi
0%
Pickaway
0%
Pickens
0%
Pickle Street
0%
Pie
0%
Piedmont
0%
Pierce
0%
Piercys Mill
0%
Pierpont
0%
Pigeon
0%
Pike
0%
Pikeside
0%
Pinch
0%
Pine Bluff
0%
Pine Creek
0%
Pine Grove
0%
Pineknob
0%
Piney View
0%
Pink
0%
Pin Oak
0%
Pinoak
0%
Pioneer Rocks
0%
Pipestem
0%
Pisgah
0%
Pleasant Dale
0%
Pleasantdale
0%
Pleasant Hill
0%
Pleasant Run
0%
Pleasant Vale
0%
Pleasant Valley
0%
Pleasant View
0%
Pleasure Valley
0%
Pliny
0%
Plum Orchard
0%
Plum Run
0%
Pluto
0%
Plymouth
0%
Pocatalico
0%
Poe
0%
Point Lookout
0%
Point Mills
0%
Points
0%
Polandale
0%
Polard
0%
Poling
0%
Polk
0%
Pondco
0%
Pond Creek
0%
Pond Gap
0%
Pondlick
0%
Pool
0%
Port Amherst
0%
Porter
0%
Porters Falls
0%
Portersville
0%
Porterwood
0%
Posey
0%
Post Mill
0%
Potomac
0%
Powell Creek
0%
Powellton
0%
Power
0%
Powhatan
0%
Poynette
0%
Prairietown
0%
Pratt
0%
Premier
0%
Prenter
0%
Price
0%
Price Hill
0%
Prichard
0%
Priestley
0%
Princewick
0%
Procious
0%
Proctor
0%
Propstburg
0%
Prosperity
0%
Providence
0%
Prudence
0%
Prunty
0%
Pruntytown
0%
Pullman
0%
Pumpkintown
0%
Purdy
0%
Purgitsville
0%
Puritan Mines
0%
Pursglove
0%
Pursley
0%
Putney
0%
Quaker
0%
Quarrier
0%
Queens
0%
Queen Shoals
0%
Quick
0%
Quiet Dale
0%
Quiet Dell
0%
Quinnimont
0%
Quinwood
0%
Rabbit Hill
0%
Rachel
0%
Racine
0%
Racket
0%
Racy
0%
Rada
0%
Radnor
0%
Ragland
0%
Ragtown
0%
Raines Corner
0%
Raintown
0%
Raleigh
0%
Ralph
0%
Ralumco
0%
Ramage
0%
Ramp
0%
Randall
0%
Ranger
0%
Ranson
0%
Rapp
0%
Ravencliff
0%
Raven Rock
0%
Raven Rocks
0%
Ravenseye
0%
Rawl
0%
Rayburn
0%
Raymond City
0%
Raysal
0%
Raywood
0%
Read
0%
Reader
0%
Ream
0%
Reamer
0%
Red Ash
0%
Redbird
0%
Red Campbell
0%
Red Creek
0%
Red Hill
0%
Red House
0%
Red Jacket
0%
Red Knob
0%
Red Rock
0%
Red Spring
0%
Redstar
0%
Red Sulphur Springs
0%
Red Warrior
0%
Redwing
0%
Reedson
0%
Reedsville
0%
Reedy
0%
Reedyville
0%
Reeses Mill
0%
Reger
0%
Reid
0%
Remus
0%
Renicks Valley
0%
Rensford
0%
Replete
0%
Republic
0%
Revore
0%
Reynoldsville
0%
Rhoda
0%
Rhodell
0%
Richard
0%
Richardson
0%
Richlands
0%
Richwood
0%
Riddle
0%
Ridersville
0%
Ridge
0%
Ridgedale
0%
Ridgeley
0%
Ridgeview
0%
Ridgeville
0%
Ridgeway
0%
Riffe
0%
Riffle
0%
Rift
0%
Rig
0%
Riley
0%
Rimel
0%
Rinehart
0%
Ringgold
0%
Rio
0%
Ripley Landing
0%
Rippon
0%
Rita
0%
River Bend
0%
Riverside
0%
Riverton
0%
Rivesville
0%
Roach
0%
Roanoke
0%
Roberts
0%
Robertsburg
0%
Robinette
0%
Robson
0%
Rock
0%
Rock Camp
0%
Rock Castle
0%
Rock Cave
0%
Rock Cliff
0%
Rock Creek
0%
Rockdale
0%
Rocket Center
0%
Rock Forge
0%
Rock Gap
0%
Rock Lake Village
0%
Rockland
0%
Rocklick
0%
Rock Oak
0%
Rockport
0%
Rockridge
0%
Rocksdale
0%
Rock View
0%
Rockville
0%
Rocky Fork
0%
Roderfield
0%
Rohr
0%
Rolfe
0%
Rollyson
0%
Romance
0%
Romines Mills
0%
Romont
0%
Ronceverte
0%
Ronda
0%
Roneys Point
0%
Rorer
0%
Rosbys Rock
0%
Rosedale
0%
Rosemont
0%
Roseville
0%
Rosina
0%
Rossmore
0%
Rough Run
0%
Round Bottom
0%
Roundtop
0%
Rouzer
0%
Rover
0%
Rowlesburg
0%
Roxalana
0%
Roxalia
0%
Roxie
0%
Royal
0%
Ruckman
0%
Ruddle
0%
Rumble
0%
Rum Junction
0%
Runa
0%
Runkle
0%
Rupert
0%
Ruraldale
0%
Rush Run
0%
Rusk
0%
Russelldale
0%
Russellville
0%
Russet
0%
Ruth
0%
Ruthbelle
0%
Ruthdale
0%
Rutherford
0%
Rutledge
0%
Sabine
0%
Sago
0%
Saint Cloud
0%
Saint Joe
0%
Saint Joseph
0%
Saint Leo
0%
Salt Hill
0%
Saltpetre
0%
Salt Rock
0%
Salt Sulphur Springs
0%
Sam Black Church
0%
Sancho
0%
Sanderson
0%
Sand Fork
0%
Sand Hill
0%
Sandlick
0%
Sand Ridge
0%
Sand Run
0%
Sandstone
0%
Sandusky
0%
Sandy
0%
Sandy Huff
0%
Sandyville
0%
Sanger
0%
Sanoma
0%
Santafee
0%
Santiago
0%
Sarah
0%
Sarah Ann
0%
Sardis
0%
Sarton
0%
Sassafras
0%
Sattes
0%
Saulsbury
0%
Saulsville
0%
Saunders
0%
Saxman
0%
Saxon
0%
Scarbro
0%
Scary
0%
Scherr
0%
School House
0%
Schrader
0%
Schultz
0%
Scotch Hill
0%
Scotts Run
0%
Scrabble
0%
Secoal
0%
Secondcreek
0%
Sector
0%
Sedalia
0%
Sedan
0%
Seebert
0%
Seemly
0%
Selbyville
0%
Sell
0%
Selwyn
0%
Seminole
0%
Seneca Rocks
0%
Servia
0%
Seth
0%
Seven Pines
0%
Sewell
0%
Seymourville
0%
Shad
0%
Shady Spring
0%
Shafer
0%
Shagtown
0%
Shahan
0%
Shanghai
0%
Shanks
0%
Shannondale
0%
Sharlow
0%
Sharon
0%
Sharples
0%
Shatto
0%
Shawver
0%
Shawvers Crossing
0%
Shegon
0%
Shenandoah Junction
0%
Shenango
0%
Shepherdstown
0%
Sheridan
0%
Sherman
0%
Sherrard
0%
Sherwood
0%
Shiloh
0%
Shinnston
0%
Shirley
0%
Shively
0%
Shoals
0%
Shock
0%
Short Creek
0%
Short Gap
0%
Shrewsbury
0%
Shryock
0%
Sias
0%
Sidney
0%
Sidneyville
0%
Sigman
0%
Silica
0%
Silver Grove
0%
Silver Lake
0%
Silverton
0%
Simoda
0%
Simon
0%
Simpson
0%
Sims
0%
Sincerity
0%
Sinclair
0%
Sink
0%
Sir Johns Run
0%
Sistersville
0%
Sitlington
0%
Six
0%
Six Hill
0%
Skeetersville
0%
Skelt
0%
Skelton
0%
Skidmore
0%
Skull Run
0%
Skygusty
0%
Skyles
0%
Skyline
0%
Slab
0%
Slab Fork
0%
Slabtown
0%
Slagle
0%
Slanesville
0%
Slate
0%
Slaty Fork
0%
Sleepy Creek
0%
Smithburg
0%
Smith Crossroads
0%
Smithers
0%
Smithfield
0%
Smithtown
0%
Smithville
0%
Smoke Hole
0%
Smoot
0%
Snider
0%
Snowden
0%
Snowflake
0%
Snow Hill
0%
Snowshoe
0%
Soak Creek
0%
Sod
0%
Sodom
0%
Sophia
0%
South Branch Depot
0%
South Buckhannon
0%
South Grafton
0%
South Madison
0%
South Parkersburg
0%
Southside
0%
Sovereign
0%
Spangler
0%
Spanishburg
0%
Speed
0%
Speedway
0%
Spelter
0%
Spice
0%
Spilman
0%
Spohrs Crossroads
0%
Sprague
0%
Sprattsville
0%
Spread
0%
Sprigg
0%
Spring Creek
0%
Spring Dale
0%
Springfield
0%
Spring Mills
0%
Springton
0%
Sproul
0%
Spruce
0%
Spruce Valley
0%
Spurlockville
0%
Squire
0%
Stanaford
0%
Standard
0%
Standingstone
0%
Stanley
0%
Stark
0%
Staten
0%
Statts Mills
0%
St. Clara
0%
Steeles
0%
Stephenson
0%
Stepptown
0%
Stevensburg
0%
Stewart
0%
Stewartstown
0%
St. George
0%
Stickney
0%
Stillwell
0%
Stiltner
0%
Stinson
0%
Stirrat
0%
Stollings
0%
Stone Branch
0%
Stone Cliff
0%
Stonecoal
0%
Stone House
0%
Stony Bottom
0%
Stotesbury
0%
Stotlers Crossroads
0%
Stouts Mills
0%
Stover
0%
Stowe
0%
Strange Creek
0%
Streby
0%
Streeter
0%
Stringtown
0%
Strouds
0%
Stumptown
0%
Sturgeon Branch
0%
Sturgisson
0%
Suck Creek
0%
Sue
0%
Sugar Camp
0%
Sugar Valley
0%
Sullivan
0%
Sully
0%
Sulphur City
0%
Sulphur Springs
0%
Summerlee
0%
Summers
0%
Summersville
0%
Summit
0%
Summit Point
0%
Sun
0%
Sunbeam
0%
Suncrest
0%
Suncrest Lake
0%
Sundial
0%
Sunflower
0%
Sun Hill
0%
Sunlight
0%
Sunnyside
0%
Sunrise
0%
Sunset Beach
0%
Sunset Court
0%
Sun Valley
0%
Superior
0%
Superior Bottom
0%
Surbaugh
0%
Surosa
0%
Surveyor
0%
Suter
0%
Swamp Run
0%
Swandale
0%
Swann
0%
Swan Pond
0%
Sweedlin
0%
Sweeneyburg
0%
Sweetland
0%
Sweet Run
0%
Sweet Springs
0%
Swiss
0%
Switchback
0%
Switzer
0%
Sycamore
0%
Sylvester
0%
Sylvia
0%
Tabb
0%
Table Rock
0%
Tablers Station
0%
Tacy
0%
Tad
0%
Tague
0%
Take In Hollow
0%
Talbott
0%
Talcott
0%
Tallmansville
0%
Tallyho
0%
Tamcliff
0%
Tamroy
0%
Tams
0%
Tanner
0%
Tannery
0%
Taplin
0%
Tappan
0%
Tarico Heights
0%
Tariff
0%
Tavennersville
0%
Taylor
0%
Taylorville
0%
Teaberry
0%
Tempa
0%
Tenmile
0%
Tennerton
0%
Terra Alta
0%
Terry
0%
Tesla
0%
Teter
0%
Teterton
0%
Teutonic
0%
Texas
0%
Thacker
0%
Thacker Mines
0%
Thayer
0%
The Mileground
0%
Thomas
0%
Thompson Town
0%
Thornton
0%
Thornwood
0%
Thorny Creek
0%
Thrash
0%
Three Churches
0%
Threefork Bridge
0%
Three Mile
0%
Thurmond
0%
Thursday
0%
Tigheville
0%
Tilden
0%
Tioga
0%
Tolbert
0%
Tolleys
0%
Toll Gate
0%
Tomahawk
0%
Toney
0%
Toney Fork
0%
Topins Grove
0%
Tornado
0%
Trace
0%
Trace Junction
0%
Trainer
0%
Tralee
0%
Trap Hill
0%
Triadelphia
0%
Tribble
0%
Trilby
0%
Triplett
0%
Tripp
0%
Triune
0%
Trout
0%
Troy
0%
Troy Town
0%
True
0%
Truebada
0%
Tuckahoe
0%
Tunnelton
0%
Turkeyfoot
0%
Turkey Knob
0%
Turner
0%
Turner Douglass
0%
Turnertown
0%
Turtle Creek
0%
Twiggs
0%
Twilight
0%
Twin Branch
0%
Twomile
0%
Two Run
0%
Tyler
0%
Tyler Heights
0%
Tyler Mountain
0%
Tyner
0%
Tyrone
0%
Uffington
0%
Uler
0%
Unger
0%
Union City
0%
Union Corner
0%
Union Mills
0%
United
0%
Uno
0%
Unus
0%
Upland
0%
Upperglade
0%
Upper Mingo
0%
Upper Tract
0%
Upper Whitman
0%
Ury
0%
Utica
0%
Uvilla
0%
Vadis
0%
Vago
0%
Vale
0%
Valley
0%
Valley Bend
0%
Valley Camp
0%
Valley Chapel
0%
Valley Fork
0%
Valley Furnace
0%
Valley Grove
0%
Valley Head
0%
Valley Heights
0%
Valley Mills
0%
Valley Point
0%
Vallscreek
0%
Van
0%
Van Camp
0%
Vance
0%
Van Clevesville
0%
Vandalia
0%
Vanderlip
0%
Vanetta
0%
Vanville
0%
Van Voorhis
0%
Varner
0%
Varney
0%
Varneytown
0%
Vaucluse
0%
Vaughan
0%
Vegan
0%
Venus
0%
Verdunville
0%
Verner
0%
Vernon
0%
Veto
0%
Vicars
0%
Victor
0%
Victoria
0%
Vincen
0%
Viola
0%
Violet
0%
Virgil
0%
Virginius Island
0%
Virginville
0%
Viropa
0%
Vivian
0%
Volcano
0%
Volga
0%
Vulcan
0%
Wadestown
0%
Wadeville
0%
Waggy
0%
Wagoner
0%
Wahoo
0%
Wainville
0%
Waiteville
0%
Walgrove
0%
Walker
0%
Walkersville
0%
Wallace
0%
Wallback
0%
Walnut
0%
Walnut Bottom
0%
Walnut Hill
0%
Wana
0%
Wanda
0%
Waneta
0%
Wanless
0%
Wappocomo
0%
War
0%
Ward
0%
Warden
0%
Wardensville
0%
War Eagle
0%
Warwick
0%
Washburn
0%
Washington
0%
Washington Heights
0%
Wasp
0%
Waterloo
0%
Watkins
0%
Watoga
0%
Watson
0%
Waverly
0%
Wayside
0%
Weaver
0%
Webb
0%
Weese
0%
Weircrest
0%
Wellford
0%
Wellington Heights
0%
Wendel
0%
Werner
0%
Werth
0%
Wesley
0%
West Columbia
0%
West End
0%
Westerly
0%
Westerman
0%
Westfield
0%
West Grafton
0%
West Hamlin
0%
West Junction
0%
West Junior
0%
West Logan
0%
West Milford
0%
West Sabraton
0%
West Van Voorhis
0%
West Virginia Central Junction
0%
Wevaco
0%
Wewanta
0%
Weyanoke
0%
Wharncliffe
0%
Wheat
0%
Wheatland
0%
Wheeler
0%
Whetstone
0%
Whipple
0%
Whirlwind
0%
Whitby
0%
White Hall
0%
White Oak
0%
Whiteoak Grove
0%
White Oak Springs
0%
White Pine
0%
Whites Addition
0%
Whitesville
0%
Whitman
0%
Whitman Junction
0%
Whitmer
0%
Whitney
0%
Whittaker
0%
Whyte
0%
Wick
0%
Wickham
0%
Widemouth
0%
Wiggins
0%
Wikel
0%
Wilbur
0%
Wildcat
0%
Wildell
0%
Wilding
0%
Wild Meadow
0%
Wiley
0%
Wiley Ford
0%
Wileyville
0%
Wilkinson
0%
Williamsburg
0%
Williams Mountain
0%
Williamsport
0%
Willibet
0%
Willis Branch
0%
Willow Bend
0%
Willowdale
0%
Willow Grove
0%
Willow Island
0%
Wilmore
0%
Wilmoth
0%
Wilsie
0%
Wilson
0%
Wilsonburg
0%
Wilsondale
0%
Wilsonia
0%
Wilsontown
0%
Winding Gulf
0%
Windom
0%
Windsor Heights
0%
Windy
0%
Winebrenners Crossroad
0%
Wingrove
0%
Winifrede
0%
Winona
0%
Winslow
0%
Winter
0%
Wiseburg
0%
Withers
0%
Wolfe
0%
Wolf Pen
0%
Wolf Run
0%
Wolf Summit
0%
Womelsdorf
0%
Wood
0%
Woodbay
0%
Woodbine
0%
Woodland Park
0%
Woodlands
0%
Woodman
0%
Woodmont
0%
Woodpeck
0%
Woodrow
0%
Woodruff
0%
Woodville
0%
Woodyard
0%
Woodzell
0%
Worley
0%
Worth
0%
Worthington
0%
Wright
0%
Wriston
0%
Wyatt
0%
Wyco
0%
Wylo
0%
Wymer
0%
Wyndal
0%
Wynkoop Spring
0%
Wyoma
0%
Wyoming
0%
Wyoming City
0%
Yards, Virginia and West Virginia
0%
Yates
0%
Yellow Spring
0%
Yerba
0%
Yokum
0%
Yolyn
0%
Young
0%
Youngs Bottom
0%
Yukon
0%
Zackville
0%
Zada
0%
Zalia
0%
Zela
0%
Zenith
0%
Zevely
0%
Zigler
0%
Zinnia
0%
Zion
0%
Zona
0%
No matching quizzes found
Score Distribution
Percent of People with Each Score
Percentile by Number Answered
Your Score History
You have not taken this quiz